Loi du Conseil National Slovaque No. 9/1992 relative aux Chambres de Commerce et d'Industrie
Enregistré dans:
| Autres auteurs: | |
|---|---|
| Format: | Livre |
| Langue: | français |
| Publié: |
Bratislava
Chambre de Commerce et D'industrie Slovaque
1992
|
| Édition: | 1. ed. |
| Sujets: | |
| Tags: |
Pas de tags, Soyez le premier à ajouter un tag!
|
MARC
| LEADER | 00000nam a2200000 4500 | ||
|---|---|---|---|
| 001 | c003045 | ||
| 005 | 20221221080244.2 | ||
| 020 | |a 80-85588-01-3 | ||
| 041 | 0 | |a fre | |
| 044 | |a SK | ||
| 245 | 1 | 0 | |a Loi du Conseil National Slovaque No. 9/1992 relative aux Chambres de Commerce et d'Industrie |c Prekl. Andrea Záborská |
| 250 | |a 1. ed. | ||
| 264 | 1 | |a Bratislava |b Chambre de Commerce et D'industrie Slovaque |c 1992 | |
| 300 | |a 15 s. | ||
| 610 | 2 | 0 | |a komory obchodné |
| 610 | 2 | 0 | |a SOPK Bratislava |
| 610 | 2 | 0 | |a 1992 |
| 610 | 2 | 0 | |a Slovensko |
| 610 | 2 | 0 | |a francúzština |
| 700 | 1 | |a Záborská, Andrea | |